00746 2200253 4500001002100000005001500021035002000036007000300056008004100059020001800100082001000118084001600128100002500144245011000169250001000279260005800289300003700347650002400384700002000408520002900428520001100457990001200468990001200480INLIS00000000000175120180315025250 a0010-0318000094ta180315 g 0 ind  a9786026208019 a321.4 a321.4 MUH d0 aMUHAMMAD, Aqil Irham1 aDemokrasi Muka Dua: Membaca Ulang Pilkada di Indonesia /cMuhammad Aqil Irham; penyunting, Candra Gautama acet.1 aJakarta :bKPG ( Kepustakaan Populer Gramedia),c2016 axiv, 201 hlm. :bilus. ;c20 cm. aDEMOKRASI-INDONESIA0 aCANDRA, Gautama abibliografi: hlm.185-196 aindeks a16385 a a16385 b